Combatting terrorism becomes a war /

Bibliographic Details
Main Author: Jenkins, Brian Michael
Corporate Author: Rand Corporation
Format: Book
Language:English
Published: Santa Monica, CA : Rand Corp., [1984]
Subjects:

MARC

Tag First Indicator Second Indicator Subfields
LEADER 00000cam a2200000 a 4500
001 in00001123887
005 20150930071924.0
008 840720s1984 cau 000 0 eng d
035 |a (OCoLC)10969683 
035 |9 AFW2741AM 
040 |a CGP  |c CGP  |d m/c  |d TXA  |d UtOrBLW 
043 |a n-us--- 
049 |a TXAM 
090 |a AS36  |b .R28 P-6988 
100 1 |a Jenkins, Brian Michael. 
245 1 0 |a Combatting terrorism becomes a war /  |c Brian Michael Jenkins. 
264 1 |a Santa Monica, CA :  |b Rand Corp.,  |c [1984] 
300 |a 7 pages ;  |c 28 cm. 
336 |a text  |b txt  |2 rdacontent 
337 |a unmediated  |b n  |2 rdamedia 
338 |a volume  |b nc  |2 rdacarrier 
500 |a Cover title. 
500 |a "May 1984." 
500 |a "P-6988" 
500 |a "Rand Library Collection" -- label on cover. 
650 0 |a Terrorism  |x Prevention  |x Government policy  |z United States. 
710 2 |a Rand Corporation. 
999 |a MARS 
999 f f |s 48d859d9-bf7b-3111-b076-c6c70bebbb26  |i 5aaa7159-e8ce-3ac9-af85-2b058d4408b5  |t 0 
952 f f |p ric  |a Texas A&M University  |b Rellis Campus  |c Joint Library Facility  |d Remote Storage  |t 0  |e AS36 .R28 P-6988  |h Library of Congress classification  |i unmediated -- volume  |m A14817251106 
998 f f |a AS36 .R28 P-6988  |t 0  |l Remote Storage